Culture générale ! Une image... Un des... (19) - Statistiques

Statistiques générales
  • Ce quiz a été pris 49 fois
  • Le résultat moyen est 5 sur 20
Statistiques - réponses
Par images Hint Réponse % Correct
chanteuses françaises Liane Foly
76%
films français célébrissimes La cité de la peur
71%
pays de monde Géorgie
64%
ds sportifs français les plus médaillés aux JO Martin Fourcade
55%
sport olympique lancer de marteau
50%
préfectures de France (ville) Belfort
43%
chefs-pâtissiers Pierre Hermé
43%
1ères image d'un album de Tintin (nom de l'album) L'étoile mystérieuse
24%
personnages de la BD belge Natacha
24%
mots du vocabulaire catholique mitre
14%
mois du calendrier révolutionnaire pluviôse
14%
cuillères (à) absinthe
12%
inconnues célèbres Natacha Amal
7%
lieux importants de la révolution de 1789 Procope
7%
oeuvres de Vermeer Vue de Delft
5%
monuments préféré des Français monastère de Brou
2%
outils de jardinage sarcloir
2%
châteaux de la Loire Saumur
2%
véhicules des albums de Tintin (nom de l'album) Coke en stock
0%
instruments de mesure du temps réveille-radio
0%
Aucun quiz correspondant
Distribution des résultats
% des personnes avec chaque résultat
Percentile par nombre de réponses
Votre historique - résultats
Vous n’avez pas pris ce quiz